Les Meilleurs buteurs de l'Euro 2004 - Statistiques

Statistiques générales
  • Ce quiz a été pris 41 fois
  • Le résultat moyen est 10 sur 16
Statistiques - réponses
Buts Équipe Joueur % Correct
2 France Thierry Henry
93%
3 France Zinédine Zidane
93%
2 Portugal Cristiano Ronaldo
83%
4 Pays-Bas Ruud van Nistelrooy
83%
4 Angleterre Wayne Rooney
83%
2 Suède Zlatan Ibrahimović
77%
5 République tchèque Milan Baros
70%
3 Grèce Aggelos Charisteas
67%
3 Suède Henrik Larsson
67%
3 Angleterre Frank Lampard
60%
2 République tchèque Jan Koller
57%
2 Portugal Rui Costa
43%
3 Danemark Jon Dahl Tomasson
30%
2 Italie Antonio Cassano
23%
2 Portugal Maniche
23%
2 République tchèque Marek Heinz
13%
Aucun quiz correspondant
Distribution des résultats
% des personnes avec chaque résultat
Percentile par nombre de réponses
Votre historique - résultats
Vous n’avez pas pris ce quiz